<?xml version="1.0" encoding="UTF-8"?>
<record
    xmlns:xsi="http://www.w3.org/2001/XMLSchema-instance"
    xsi:schemaLocation="http://www.loc.gov/MARC21/slim http://www.loc.gov/standards/marcxml/schema/MARC21slim.xsd"
    xmlns="http://www.loc.gov/MARC21/slim">

  <leader>00743nam a2200145Ia 4500</leader>
  <controlfield tag="008">120622s9999    xx            000 0 und d</controlfield>
  <datafield tag="020" ind1=" " ind2=" ">
    <subfield code="a">968-36-2477-4</subfield>
  </datafield>
  <datafield tag="082" ind1=" " ind2=" ">
    <subfield code="a">338.972 T315r</subfield>
  </datafield>
  <datafield tag="245" ind1=" " ind2=" ">
    <subfield code="a">La tercera revoluci&#xF3;n industrial en M&#xE9;xico : diagn&#xF3;stico e implicaciones / comp. Arturo Bonilla S&#xE1;nchez, Gloria Gonz&#xE1;lez Salazar, Virginia L&#xF3;pez Villegas ... [et el.] ; coord. Adrian Chavero Gonz&#xE1;lez</subfield>
  </datafield>
  <datafield tag="260" ind1=" " ind2=" ">
    <subfield code="a">M&#xE9;xico : UNAM, Instituto de Investigaciones Econ&#xF3;micas</subfield>
  </datafield>
  <datafield tag="300" ind1=" " ind2=" ">
    <subfield code="a">327 p.</subfield>
  </datafield>
  <datafield tag="500" ind1=" " ind2=" ">
    <subfield code="a">Libro de la revista : Problemas del desarrollo</subfield>
  </datafield>
  <datafield tag="650" ind1=" " ind2=" ">
    <subfield code="a">1. MEXICO - INDUSTRIAS \ 2. MEXICO - POLITICA ECONOMICA</subfield>
  </datafield>
  <datafield tag="700" ind1=" " ind2=" ">
    <subfield code="a">Bonilla S&#xE1;nchez, Arturo, comp. \ Gonz&#xE1;lez Salazar, Gloria, comp. \ L&#xF3;pez  Villegas, Virginia, comp.&#xCC;</subfield>
  </datafield>
  <datafield tag="952" ind1=" " ind2=" ">
    <subfield code="0">0</subfield>
    <subfield code="1">0</subfield>
    <subfield code="2">lcc</subfield>
    <subfield code="4">0</subfield>
    <subfield code="7">0</subfield>
    <subfield code="a">22</subfield>
    <subfield code="b">22</subfield>
    <subfield code="d">2007-01-25</subfield>
    <subfield code="l">1</subfield>
    <subfield code="o">338.972 T315R</subfield>
    <subfield code="p">01 003060</subfield>
    <subfield code="r">2023-07-20</subfield>
    <subfield code="s">2018-09-03</subfield>
    <subfield code="w">2012-06-24</subfield>
    <subfield code="y">LB</subfield>
  </datafield>
  <datafield tag="999" ind1=" " ind2=" ">
    <subfield code="c">57716</subfield>
    <subfield code="d">57716</subfield>
  </datafield>
</record>
